000
00217nam a2200085Ia 4500
008
120527s9999 xx 000 0 und d
100
_a
Prezbinowski
245
_a
Porth's pathophysiology: concepts of altered
942
_c
BK
999
_c
27526
_d
27526